000
00320nam a2200169Ia 4500
100
_a
Aragues/ Anthony
650
_a
data
942
_c
BK
366
_f
20
654
_a
data
245
_a
Visualizing streaming data
260
_b
SPD
_c
2018
082
_b
ARA
300
_a
184
546
_a
ENGLISH
999
_c
18928
_d
18928